|
|
|
|
| LEADER |
00000cam a22000004a 4500 |
| 001 |
musev2_12463 |
| 003 |
MdBmJHUP |
| 005 |
20230905041404.0 |
| 006 |
m o d |
| 007 |
cr||||||||nn|n |
| 008 |
110124s2011 cou o 00 0 eng d |
| 010 |
|
|
|z 2011001963
|
| 020 |
|
|
|a 9781607320913
|
| 020 |
|
|
|z 9781607320906
|
| 035 |
|
|
|a (OCoLC)750230018
|
| 040 |
|
|
|a MdBmJHUP
|c MdBmJHUP
|
| 043 |
|
|
|a n-ust--
|
| 050 |
0 |
4 |
|a E78.S7
|b S576 2006
|
| 082 |
0 |
|
|a 979
|2 22
|
| 245 |
1 |
0 |
|a Contemporary Archaeologies of the Southwest /
|c edited by William H. Walker and Kathryn R. Venzor.
|
| 264 |
|
1 |
|a Boulder :
|b University Press of Colorado,
|c 2011.
|
| 264 |
|
3 |
|a Baltimore, Md. :
|b Project MUSE,
|c 2012
|
| 264 |
|
4 |
|c ©2011.
|
| 300 |
|
|
|a 1 online resource (298 pages):
|b ill., maps ;
|
| 336 |
|
|
|a text
|b txt
|2 rdacontent
|
| 337 |
|
|
|a computer
|b c
|2 rdamedia
|
| 338 |
|
|
|a online resource
|b cr
|2 rdacarrier
|
| 490 |
0 |
|
|a Proceedings of the Southwest Symposium
|
| 500 |
|
|
|a "This volume builds on papers presented at the 10th Biennial 2006 Southwest Symposium entitled 'Acts of History: Ritual, Landscape and Historical Archaeology in the U.S. Southwest and Northern Mexico', held in Las Cruces, New Mexico, January 13-14, 2006"--Introd.
|
| 504 |
|
|
|a Includes bibliographical references and index.
|
| 505 |
0 |
|
|a Introduction to contemporary archaeologies of the Southwest / William H. Walker and Kathryn R. Venzor -- Materialities of place : ideologies on the Chacoan landscape / Ruth M. Van Dyke -- Procurement and landscape : lithic quarries as places / Christine G. Ward -- The sun dagger interactive computer graphic model : a digital restoration of a Chacoan calendrical site / Anna Sofaer ... [et al.] -- The lay of the land : power, meaning, and the social in landscape analysis / Maria O'Donovan -- Archaeology of the moment : creating place in the Ludlow strikers' colony / Michael E. Jacobson -- Sacred landscapes, sacred acts : the metaphysics of emplaced ritual among northern Paiute and Hualapai ghost dancers / Alex K. Ruuska -- Fire : accidental or intentional? : an archaeological toolkit for evaluating accident and intent in ancient structural fires / Joe Lally and A.J. Vonarx -- Ancient social boundaries inscribed on the landscape of the lower San Pedro Valley / Patrick D. Lyons, Jeffery J. Clark, and J. Brett Hill -- El Morro Valley as crossroads, El Morro Valley as gathering place : understanding the social landscape of the eastern Cibola region through the archaeological and historical record / Gregson Schachner -- Social identity and memory : interactions between Apaches and Mormons on a frontier landscape / Lauren Jelinek -- Landscape use at San Agustín / Barnet Pavao-Zuckerman -- Ephemeral sites and inertia along el Camino Real de Tierra Adentro : evidence from twelve years of archaeological research / Edward Staski -- Investigating differential persistence of Pueblo populations : a landscape approach / Ann F. Ramenofsky, Michael K. Church, and Jeremy Kulisheck.
|
| 588 |
|
|
|a Description based on print version record.
|
| 650 |
|
0 |
|a Human ecology
|x Southwest, New
|x History
|y To 1500
|v Congresses.
|
| 650 |
|
0 |
|a Ethnoarchaeology
|z Southwest, New
|v Congresses.
|
| 650 |
|
0 |
|a Land use
|z Southwest, New
|x History
|y To 1500
|v Congresses.
|
| 650 |
|
0 |
|a Landscape changes
|z Southwest, New
|x History
|y To 1500
|v Congresses.
|
| 650 |
|
0 |
|a Land settlement patterns, Prehistoric
|z Southwest, New
|x Congresses.
|
| 650 |
|
0 |
|a Indians of North America
|x Material culture
|z Southwest, New
|v Congresses.
|
| 650 |
|
0 |
|a Indians of North America
|z Southwest, New
|x Ethnic identity
|v Congresses.
|
| 650 |
|
0 |
|a Indians of North America
|z Southwest, New
|x Antiquities
|v Congresses.
|
| 651 |
|
0 |
|a Southwest, New
|x Antiquities
|v Congresses.
|
| 655 |
|
7 |
|a Electronic books.
|2 local
|
| 700 |
1 |
|
|a Venzor, Kathryn R.
|
| 700 |
1 |
|
|a Walker, William H.,
|d 1964-
|
| 710 |
2 |
|
|a Project Muse.
|e distributor
|
| 830 |
|
0 |
|a Book collections on Project MUSE.
|
| 856 |
4 |
0 |
|z Texto completo
|u https://projectmuse.uam.elogim.com/book/12463/
|
| 945 |
|
|
|a Project MUSE - Custom Collection
|
| 945 |
|
|
|a Project MUSE - 2011 Complete
|
| 945 |
|
|
|a Project MUSE - 2011 Archaeology and Anthropology
|
| 945 |
|
|
|a Project MUSE - 2011 Native American and Indigenous Studies
|